Annotated bibliography of legume rhizobium research in India(1920-1986) (Record no. 39676)

MARC details
000 -LEADER
fixed length control field 00444nam a2200133Ia 4500
082 ## - DEWEY DECIMAL CLASSIFICATION NUMBER
Classification number 582.736:007.814:013(540)
Item number KAL
100 ## - MAIN ENTRY--AUTHOR NAME
Personal name KALU R, Dadarwal
245 #0 - TITLE STATEMENT
Title Annotated bibliography of legume rhizobium research in India(1920-1986)
260 ## - PUBLICATION, DISTRIBUTION, ETC. (IMPRINT)
Place of publication Hisar
Name of publisher Association of Microbiologists
Year of publication 1987
490 ## - SERIES STATEMENT
Series statement Publication no. AM/BNF-1/87
650 ## - SUBJECT ADDED ENTRY--TOPICAL TERM
Topical Term Legume rhizobium bibliography
942 ## - ADDED ENTRY ELEMENTS (KOHA)
Koha item type Books
Holdings
Withdrawn status Lost status Damaged status Not for loan Home library Current library Date acquired Full call number Accession Number Koha item type
        RRII Library RRII Library 16/12/2021 582.736:007.814:013(540) KAL 20006 Books